| 000 | 00630na a2200205 4500 | ||
|---|---|---|---|
| 001 | 20134 | ||
| 003 | MIRAKIL | ||
| 005 | 20181213155127.0 | ||
| 008 | 170104b tu 000 0 | ||
| 040 |
_aMilas _btur _cTR-AnCHP |
||
| 041 |
_atur _aeng |
||
| 082 |
_a382.021 _bD47 2006 |
||
| 090 | _a382.021 D47 2006 | ||
| 245 |
_aDış ticaret ve başlıca ekonomik göstergeler 2005= _bForeign trade and main economic ındicators 2005 _cDış Ticaret Müsteşarlığı |
||
| 260 |
_aAnkara _bDTM _c2006 |
||
| 300 |
_a131 s. _btbl.;grf. _c28 sm. |
||
| 650 |
_aDış ticaret _xEkonomik göstergeler |
||
| 710 | _aDTM | ||
| 942 |
_2ddc _cBKS |
||
| 999 |
_c7066 _d7066 |
||